[Event "Sherbrooke CC-ch"]
[Site "Sherbrooke CAN"]
[Date "2005.04.29"]
[Round "3"]
[White "Mercier, Andre"]
[Black "Saziouk, Alexandre"]
[Result "1/2-1/2"]
[WhiteElo "1811"]
[BlackElo "1725"]
[PlyCount "106"]
[GameId "2160767910968778"]
[EventDate "2005.04.15"]
[EventType "swiss"]
[EventRounds "5"]
[EventCountry "CAN"]
[SourceTitle "EXT 2006"]
[Source "ChessBase"]
[SourceDate "2005.11.24"]
[SourceVersion "1"]
[SourceVersionDate "2005.11.24"]
[SourceQuality "1"]

1. d4 d5 2. Nf3 Nf6 3. g3 e6 4. Bg2 Nbd7 5. Nbd2 Be7 6. O-O O-O 7. Re1 Ne4 8. Ne5 Nxd2 9. Nxd7 Bxd7 10. Qxd2 f5 11. c4 c6 12. b3 g5 13. f3 Rf7 14. e4 Qb6 15. c5 Qc7 16. exd5 exd5 17. f4 h6 18. Qd3 g4 19. Bd2 Bf6 20. Re2 Re7 21. Rae1 Rae8 22. Re5 Bxe5 23. dxe5 Be6 24. Qd4 b5 25. Bc3 a5 26. Bb2 b4 27. Bf1 h5 28. Be2 Rg7 29. Kg2 Qe7 30. Bf1 h4 31. Kf2 Kf7 32. Bg2 Rh8 33. Rg1 Rgh7 34. Bc1 hxg3+ 35. hxg3 Qa7 36. Be3 Kg6 37. Bd2 Rh2 38. Be3 R8h3 39. Bd2 Qh7 40. Qd3 Qa7 41. Qd4 Qa6 42. Be1 Rh7 43. Ke3 Rb7 44. Bf1 Qa7 45. Be2 a4 46. Rf1 axb3 47. axb3 Qa2 48. Bd1 Qa5 49. Be2 Qa7 50. Bd1 Qa6 51. Rf2 Rh3 52. Re2 Qa5 53. Rc2 Qb5 1/2-1/2

[Event "Sherbrooke CC-ch"]
[Site "Sherbrooke CAN"]
[Date "2005.04.29"]
[Round "3"]
[White "Pilotte, Benoit"]
[Black "Germain, Benoit"]
[Result "0-1"]
[WhiteElo "1757"]
[BlackElo "1706"]
[PlyCount "66"]
[GameId "2160767910968779"]
[EventDate "2005.04.15"]
[EventType "swiss"]
[EventRounds "5"]
[EventCountry "CAN"]
[SourceTitle "EXT 2006"]
[Source "ChessBase"]
[SourceDate "2005.11.24"]
[SourceVersion "1"]
[SourceVersionDate "2005.11.24"]
[SourceQuality "1"]

1. b3 d5 2. Bb2 Nf6 3. f4 e6 4. Nf3 Bd6 5. e3 O-O 6. Bd3 Nbd7 7. Ne5 Nc5 8. O-O Nxd3 9. cxd3 Nd7 10. Nxd7 Bxd7 11. Nc3 Qh4 12. Rf3 e5 13. Nxd5 exf4 14. Nxf4 Bg4 15. g3 Qg5 16. h4 Qd8 17. Qf1 Bxf3 18. Qxf3 Bxf4 19. Qxf4 Qxd3 20. e4 Rae8 21. Re1 Re6 22. Qxc7 Rxe4 23. Rxe4 Qxe4 24. Qc3 f6 25. d4 Re8 26. Qc4+ Kh8 27. Bc3 Qe3+ 28. Kg2 Qe2+ 29. Kh3 Qxa2 30. d5 Qe2 31. Qd4 Qf1+ 32. Kg4 h5+ 33. Kxh5 Qf5# 0-1

[Event "Sherbrooke CC-ch"]
[Site "Sherbrooke CAN"]
[Date "2005.04.29"]
[Round "3"]
[White "Straehl, Patrick"]
[Black "Galindo, Gabriel"]
[Result "1-0"]
[WhiteElo "1211"]
[BlackElo "1324"]
[PlyCount "59"]
[GameId "2160767910968780"]
[EventDate "2005.04.15"]
[EventType "swiss"]
[EventRounds "5"]
[EventCountry "CAN"]
[SourceTitle "EXT 2006"]
[Source "ChessBase"]
[SourceDate "2005.11.24"]
[SourceVersion "1"]
[SourceVersionDate "2005.11.24"]
[SourceQuality "1"]

1. d4 d5 2. c4 dxc4 3. Nc3 e6 4. a3 h6 5. e3 c6 6. Bxc4 Nf6 7. Nf3 Bd6 8. e4 Bc7 9. O-O O-O 10. Re1 Re8 11. e5 Nd5 12. Ne4 Rf8 13. h3 f6 14. exf6 Nxf6 15. Nc5 Qd6 16. Nxe6 Kh7 17. Nxf8+ Qxf8 18. Qd3+ Kh8 19. Qg6 b5 20. Bd3 Be6 21. Rxe6 Nbd7 22. b4 Rd8 23. Bb2 a5 24. d5 cxd5 25. Bxf6 Nxf6 26. Rxf6 Qg8 27. Rf7 Bd6 28. Ne5 Rf8 29. Rxf8 Qxf8 30. Qh7# 1-0

[Event "Sherbrooke CC-ch"]
[Site "Sherbrooke CAN"]
[Date "2005.05.29"]
[Round "3"]
[White "Jolin, Fernand"]
[Black "Ben Ali, Amine"]
[Result "1/2-1/2"]
[WhiteElo "1411"]
[BlackElo "1416"]
[PlyCount "140"]
[GameId "2160767910968781"]
[EventDate "2005.04.15"]
[EventType "swiss"]
[EventRounds "5"]
[EventCountry "CAN"]
[SourceTitle "EXT 2006"]
[Source "ChessBase"]
[SourceDate "2005.11.24"]
[SourceVersion "1"]
[SourceVersionDate "2005.11.24"]
[SourceQuality "1"]

1. g3 d5 2. Nf3 Nf6 3. d4 Nc6 4. e3 Bg4 5. Bg2 Ne4 6. O-O Qd7 7. Nbd2 g6 8. a3 Bh6 9. Qe1 Bh3 10. Nxe4 Bxg2 11. Kxg2 dxe4 12. Nd2 f5 13. Nb3 b6 14. c4 Rf8 15. Bd2 g5 16. Bc3 Bg7 17. c5 f4 18. exf4 gxf4 19. Qxe4 f3+ 20. Kh1 O-O-O 21. Nd2 Qd5 22. Qg4+ Kb7 23. Qxg7 Nxd4 24. Bxd4 Qxd4 25. Qxd4 Rxd4 26. Nb3 Rd3 27. Nc1 Rd2 28. b4 h5 29. h4 e5 30. Nb3 Rb2 31. Nc1 Rd2 32. Ra2 Rd7 33. cxb6 axb6 34. Nb3 Rd3 35. Rb2 e4 36. Kg1 Rg8 37. Nd2 e3 38. fxe3 Rxg3+ 39. Kf2 Rg2+ 40. Ke1 Rxe3+ 41. Kd1 Rxa3 42. Rc2 Ra4 43. Nxf3 Rxc2 44. Kxc2 Rxb4 45. Kd3 c5 46. Rc1 Kc6 47. Rg1 c4+ 48. Kd4 Kb5 49. Rg5+ Ka4 50. Rxh5 c3+ 51. Kd3 Kb3 52. Ne1 Kb2 53. Nc2 Rg4 54. Rb5+ Kc1 55. h5 Rh4 56. Ne3 Rh3 57. Rg5 Kb2 58. Rg2+ Kb3 59. Rg5 Ka4 60. Ke2 b5 61. Nd5 b4 62. Nb6+ Kb3 63. Rc5 Kb2 64. Nc4+ Kb3 65. Ne3 Ka4 66. Nc2 b3 67. Rc4+ Kb5 68. Rb4+ Kc5 69. Rxb3 Rxh5 70. Rxc3+ Kd5 1/2-1/2

[Event "Sherbrooke CC-ch"]
[Site "Sherbrooke CAN"]
[Date "2005.05.13"]
[Round "4"]
[White "Ben Ali, Amine"]
[Black "Pilotte, Benoit"]
[Result "0-1"]
[WhiteElo "1416"]
[BlackElo "1757"]
[PlyCount "73"]
[GameId "2160767910968782"]
[EventDate "2005.04.15"]
[EventType "swiss"]
[EventRounds "5"]
[EventCountry "CAN"]
[SourceTitle "EXT 2006"]
[Source "ChessBase"]
[SourceDate "2005.11.24"]
[SourceVersion "1"]
[SourceVersionDate "2005.11.24"]
[SourceQuality "1"]

1. e4 d6 2. d4 Nf6 3. Nc3 g6 4. Bc4 Bg7 5. h3 O-O 6. Nge2 c6 7. Bf4 b5 8. Bd3 b4 9. Na4 Qa5 10. c3 c5 11. O-O Bd7 12. e5 Nd5 13. Bc2 Nxf4 14. Nxf4 dxe5 15. cxb4 cxb4 16. dxe5 Qxe5 17. Nd3 Qg5 18. Qf3 Nc6 19. Qf4 Qxf4 20. Nxf4 Nd4 21. Bd1 Rfc8 22. Nd3 Nc2 23. Bxc2 Rxc2 24. Nac5 Bb5 25. Rac1 Rc8 26. Rxc2 Bxd3 27. Rcc1 Bxf1 28. Kxf1 Bxb2 29. Rb1 Bc3 30. Na6 Rc6 31. Nb8 Rb6 32. Nd7 Ra6 33. Ke2 Rxa2+ 34. Kf3 a5 35. Kg3 Bd4 36. f4 Ra1 37. Rb3 0-1

[Event "Sherbrooke CC-ch"]
[Site "Sherbrooke CAN"]
[Date "2005.05.13"]
[Round "4"]
[White "Germain, Benoit"]
[Black "Grenier, Jean-Pierre"]
[Result "0-1"]
[WhiteElo "1706"]
[BlackElo "1635"]
[PlyCount "96"]
[GameId "2160767910968783"]
[EventDate "2005.04.15"]
[EventType "swiss"]
[EventRounds "5"]
[EventCountry "CAN"]
[SourceTitle "EXT 2006"]
[Source "ChessBase"]
[SourceDate "2005.11.24"]
[SourceVersion "1"]
[SourceVersionDate "2005.11.24"]
[SourceQuality "1"]

1. e4 c5 2. Nf3 Nc6 3. d4 cxd4 4. Nxd4 e5 5. Nb5 d6 6. N1c3 a6 7. Na3 b5 8. Nd5 Be6 9. c3 Nf6 10. Bg5 Be7 11. Nxe7 Qxe7 12. Bxf6 gxf6 13. Nxb5 axb5 14. Bxb5 Qc7 15. O-O Ke7 16. a4 Rhg8 17. Kh1 Qb6 18. b4 Rgd8 19. Qe2 Rab8 20. f4 Na7 21. Ba6 Qc6 22. fxe5 Qxc3 23. exf6+ Ke8 24. Rac1 Qxb4 25. Rc7 Rd7 26. Rxd7 Kxd7 27. Qf2 Qb6 28. Qe2 Qd4 29. Rd1 Qxa4 30. e5 Rb6 31. Bd3 Bg4 32. Bc2 Bxe2 33. Bxa4+ Ke6 34. Re1 dxe5 35. h3 Rb4 36. Bc2 Bh5 37. Bxh7 Kxf6 38. Rf1+ Ke6 39. Bf5+ Ke7 40. Re1 f6 41. g4 Bf7 42. Rc1 Nc6 43. Kg1 Bd5 44. Rd1 Kd6 45. Kf2 Rb3 46. h4 Rf3+ 47. Kg1 Rh3 48. h5 Rh1+ 0-1

[Event "Sherbrooke CC-ch"]
[Site "Sherbrooke CAN"]
[Date "2005.05.13"]
[Round "4"]
[White "Germain, Emile"]
[Black "Ouellet-Lahaie, Didier"]
[Result "1/2-1/2"]
[WhiteElo "1438"]
[BlackElo "1659"]
[PlyCount "82"]
[GameId "2160767910968784"]
[EventDate "2005.04.15"]
[EventType "swiss"]
[EventRounds "5"]
[EventCountry "CAN"]
[SourceTitle "EXT 2006"]
[Source "ChessBase"]
[SourceDate "2005.11.24"]
[SourceVersion "1"]
[SourceVersionDate "2005.11.24"]
[SourceQuality "1"]

1. e4 e5 2. Nf3 Nf6 3. Nc3 Bb4 4. d3 Nc6 5. Bd2 O-O 6. a3 Be7 7. Be2 d5 8. exd5 Nxd5 9. O-O Bg4 10. Nxe5 Bxe2 11. Qxe2 Re8 12. Nxc6 bxc6 13. Ne4 Rb8 14. c4 f5 15. cxd5 fxe4 16. Bc3 cxd5 17. dxe4 d4 18. Qc4+ Kh8 19. Bxd4 Bd6 20. Qc3 Qg5 21. Rfe1 Rb5 22. Qc6 Rf8 23. e5 Bxe5 24. Bxe5 Rxe5 25. Qxc7 Rxe1+ 26. Rxe1 Qd2 27. Rf1 a5 28. Qe7 Rb8 29. Re1 h6 30. b4 axb4 31. axb4 Kh7 32. Qe4+ Kh8 33. Rb1 Rf8 34. f3 Rf4 35. Qe8+ Kh7 36. b5 Qc2 37. Re1 Rb4 38. Qc6 Qd2 39. Rc1 Qe2 40. b6 Qe3+ 41. Kh1 Rxb6 1/2-1/2

[Event "Sherbrooke CC-ch"]
[Site "Sherbrooke CAN"]
[Date "2005.05.13"]
[Round "4"]
[White "Straehl, Patrick"]
[Black "Belzil, Julien"]
[Result "0-1"]
[WhiteElo "1211"]
[BlackElo "1312"]
[PlyCount "54"]
[GameId "2160767910968785"]
[EventDate "2005.04.15"]
[EventType "swiss"]
[EventRounds "5"]
[EventCountry "CAN"]
[SourceTitle "EXT 2006"]
[Source "ChessBase"]
[SourceDate "2005.11.24"]
[SourceVersion "1"]
[SourceVersionDate "2005.11.24"]
[SourceQuality "1"]

1. d4 d5 2. c4 c6 3. Nc3 Nf6 4. e3 e6 5. c5 b6 6. b4 Ba6 7. Bxa6 Nxa6 8. Qa4 Nb8 9. Nf3 b5 10. Qc2 a5 11. bxa5 Qxa5 12. Bd2 b4 13. Ne2 Ne4 14. O-O Qb5 15. Ng3 Nxg3 16. fxg3 Be7 17. e4 O-O 18. exd5 cxd5 19. Ne5 f6 20. Ng4 Nc6 21. Rf4 b3 22. Qb2 Qd3 23. axb3 Rxa1+ 24. Qxa1 Qxd2 25. Qa6 Qd1+ 26. Kf2 Nxd4 27. c6 Qc2+ 0-1

[Event "Sherbrooke CC-ch"]
[Site "Sherbrooke CAN"]
[Date "2005.05.13"]
[Round "4"]
[White "Viens, Nicolas"]
[Black "Jolin, Fernand"]
[Result "1/2-1/2"]
[WhiteElo "1348"]
[BlackElo "1411"]
[PlyCount "110"]
[GameId "2160767910968786"]
[EventDate "2005.04.15"]
[EventType "swiss"]
[EventRounds "5"]
[EventCountry "CAN"]
[SourceTitle "EXT 2006"]
[Source "ChessBase"]
[SourceDate "2005.11.24"]
[SourceVersion "1"]
[SourceVersionDate "2005.11.24"]
[SourceQuality "1"]

1. e4 e5 2. Nf3 Nc6 3. Nc3 Nf6 4. Bc4 Na5 5. Nxe5 Nxc4 6. Nxc4 Nxe4 7. Qe2 d5 8. Nxe4 Be6 9. d3 dxc4 10. O-O cxd3 11. cxd3 Bd6 12. Ng5 Qe7 13. Re1 Bf5 14. Qd2 Be6 15. Qc3 O-O 16. Bd2 h6 17. Nxe6 fxe6 18. Qc4 Rae8 19. d4 Qf7 20. Be3 e5 21. Qxf7+ Rxf7 22. d5 a6 23. Re2 Rf5 24. Rd1 e4 25. a3 Rfe5 26. Red2 g5 27. Kf1 Kh7 28. Ke2 g4 29. g3 Rh5 30. Bf4 Rf8 31. Ke3 Bxf4+ 32. gxf4 Rxh2 33. Kxe4 Kg6 34. d6 cxd6 35. Rxd6+ Rf6 36. f5+ Kg5 37. f4+ gxf3 38. Rxf6 Kxf6 39. Rd6+ Ke7 40. Re6+ Kf7 41. Kxf3 h5 42. b4 Rh3+ 43. Kf4 Rxa3 44. Rb6 h4 45. Rxb7+ Kg8 46. Rb8+ Kh7 47. f6 Kg6 48. Rh8 Ra4 49. Ke5 Rxb4 50. Rg8+ Kf7 51. Rg7+ Kf8 52. Ra7 Rb5+ 53. Kf4 Rb6 54. Kf5 Rb8 55. Kg6 Ke8 1/2-1/2

[Event "Sherbrooke CC-ch"]
[Site "Sherbrooke CAN"]
[Date "2005.05.20"]
[Round "5"]
[White "Germain, Emile"]
[Black "Straehl, Patrick"]
[Result "1-0"]
[WhiteElo "1438"]
[BlackElo "1211"]
[PlyCount "41"]
[GameId "2160767910968787"]
[EventDate "2005.04.15"]
[EventType "swiss"]
[EventRounds "5"]
[EventCountry "CAN"]
[SourceTitle "EXT 2006"]
[Source "ChessBase"]
[SourceDate "2005.11.24"]
[SourceVersion "1"]
[SourceVersionDate "2005.11.24"]
[SourceQuality "1"]

1. e4 c5 2. Bc4 e6 3. Nf3 Nc6 4. d4 d5 5. exd5 exd5 6. Qe2+ Qe7 7. Qxe7+ Ngxe7 8. Bb5 a6 9. Bxc6+ Nxc6 10. Nc3 Be6 11. Be3 cxd4 12. Nxd4 Bd6 13. O-O-O Nxd4 14. Bxd4 O-O 15. Bb6 Rfc8 16. Nxd5 Rc6 17. Be3 Rac8 18. c3 b5 19. Kb1 a5 20. a3 Rc4 21. Nb6 1-0

[Event "Sherbrooke CC-ch"]
[Site "Sherbrooke CAN"]
[Date "2005.05.20"]
[Round "5"]
[White "Jolin, Fernand"]
[Black "Belzil, Julien"]
[Result "1-0"]
[WhiteElo "1411"]
[BlackElo "1312"]
[PlyCount "61"]
[GameId "2160767910968788"]
[EventDate "2005.04.15"]
[EventType "swiss"]
[EventRounds "5"]
[EventCountry "CAN"]
[SourceTitle "EXT 2006"]
[Source "ChessBase"]
[SourceDate "2005.11.24"]
[SourceVersion "1"]
[SourceVersionDate "2005.11.24"]
[SourceQuality "1"]

1. Nf3 d5 2. d4 Nf6 3. g3 Nc6 4. Bg2 Bf5 5. O-O e6 6. a3 Bd6 7. Nbd2 O-O 8. b4 b5 9. Nh4 Nxd4 10. Nxf5 Nxf5 11. e4 Nd4 12. exd5 exd5 13. c3 Nf5 14. Nf3 c6 15. Qd3 Qd7 16. Bh3 Ne4 17. Nd4 g6 18. f3 Nexg3 19. hxg3 Bxg3 20. Bxf5 Qd6 21. Bg4 Bh2+ 22. Kh1 Rae8 23. Qd2 Bg3 24. Qg2 h5 25. Bxh5 Kg7 26. f4 Re1 27. Nf5+ gxf5 28. Qxg3+ Qg6 29. Bxg6 Rh8+ 30. Kg1 Rxf1+ 31. Kxf1 1-0

[Event "Sherbrooke CC-ch"]
[Site "Sherbrooke CAN"]
[Date "2005.05.20"]
[Round "5"]
[White "Mercier, Andre"]
[Black "Pilotte, Benoit"]
[Result "1-0"]
[WhiteElo "1811"]
[BlackElo "1757"]
[PlyCount "69"]
[GameId "2160767910968789"]
[EventDate "2005.04.15"]
[EventType "swiss"]
[EventRounds "5"]
[EventCountry "CAN"]
[SourceTitle "EXT 2006"]
[Source "ChessBase"]
[SourceDate "2005.11.24"]
[SourceVersion "1"]
[SourceVersionDate "2005.11.24"]
[SourceQuality "1"]

1. d4 Nf6 2. Nf3 c5 3. d5 e6 4. c4 exd5 5. cxd5 d6 6. Nc3 g6 7. e4 Bg7 8. Bb5+ Bd7 9. Bxd7+ Nbxd7 10. Bf4 Qe7 11. O-O a6 12. Re1 Ng4 13. a4 O-O 14. Nd2 Nge5 15. Qc2 c4 16. Bg3 h5 17. Bxe5 Nxe5 18. a5 Rac8 19. Kh1 Nd3 20. Rf1 Qc7 21. Ra4 b5 22. axb6 Qxb6 23. Nxc4 Rxc4 24. Rxc4 Ne5 25. Ra4 Rc8 26. Qe2 Rb8 27. Rxa6 Qb4 28. Nd1 Nc4 29. f3 Bd4 30. Ra1 Nd2 31. Re1 Nb3 32. Ra6 Nc1 33. Qf1 Rc8 34. Rc6 Ra8 35. Rxc1 1-0

[Event "Sherbrooke CC-ch"]
[Site "Sherbrooke CAN"]
[Date "2005.05.20"]
[Round "5"]
[White "Ouellet-Lahaie, Didier"]
[Black "Grenier, Jean-Pierre"]
[Result "1-0"]
[WhiteElo "1659"]
[BlackElo "1635"]
[PlyCount "91"]
[GameId "2160767910968790"]
[EventDate "2005.04.15"]
[EventType "swiss"]
[EventRounds "5"]
[EventCountry "CAN"]
[SourceTitle "EXT 2006"]
[Source "ChessBase"]
[SourceDate "2005.11.24"]
[SourceVersion "1"]
[SourceVersionDate "2005.11.24"]
[SourceQuality "1"]

1. e4 c5 2. Nf3 Nc6 3. d4 cxd4 4. Nxd4 e5 5. Nb5 d6 6. N1c3 a6 7. Na3 b5 8. Nd5 Be6 9. c3 Nf6 10. Bg5 Be7 11. Bxf6 gxf6 12. Nc2 f5 13. exf5 Bxf5 14. Nce3 Be6 15. a4 Rb8 16. axb5 axb5 17. Bd3 h5 18. Qf3 Qc8 19. O-O Bg4 20. Qe4 Rf8 21. Qh7 Qd8 22. f3 Be6 23. f4 exf4 24. Nxf4 Qb6 25. Rae1 Bg5 26. Kh1 Bxf4 27. Rxf4 Ne5 28. Bf5 Bxf5 29. Qxf5 Qc6 30. Rd4 Qd7 31. Qxh5 Kd8 32. Nf5 Rb6 33. Qh6 Ng6 34. Qg5+ Kc7 35. Red1 Rd8 36. Ne3 Ne7 37. Qf6 Qe6 38. Qf3 d5 39. Nxd5+ Nxd5 40. Rxd5 Rbd6 41. Rxd6 Rxd6 42. Qg3 Kc6 43. Qxd6+ Qxd6 44. Rxd6+ Kxd6 45. h4 Ke6 46. b3 1-0

[Event "Sherbrooke CC-ch"]
[Site "Sherbrooke CAN"]
[Date "2005.05.20"]
[Round "5"]
[White "Viens, Nicolas"]
[Black "Germain, Benoit"]
[Result "0-1"]
[WhiteElo "1348"]
[BlackElo "1706"]
[PlyCount "58"]
[GameId "2160767910968791"]
[EventDate "2005.04.15"]
[EventType "swiss"]
[EventRounds "5"]
[EventCountry "CAN"]
[SourceTitle "EXT 2006"]
[Source "ChessBase"]
[SourceDate "2005.11.24"]
[SourceVersion "1"]
[SourceVersionDate "2005.11.24"]
[SourceQuality "1"]

1. e4 e5 2. Bc4 Nf6 3. d3 c6 4. Nf3 d5 5. exd5 cxd5 6. Bb5+ Bd7 7. Bxd7+ Nbxd7 8. Bg5 Qb6 9. b3 Bc5 10. Qe2 O-O 11. O-O Rfe8 12. Nc3 e4 13. Nd2 Bd4 14. Na4 Qa6 15. Rab1 Rac8 16. Rbc1 exd3 17. Qxd3 Qxd3 18. cxd3 Ne5 19. Rcd1 b5 20. Nf3 Nxf3+ 21. gxf3 bxa4 22. bxa4 Rc2 23. a3 Ree2 24. Rb1 h6 25. Bh4 g5 26. Bg3 Nh5 27. Rbe1 Nxg3 28. hxg3 Bxf2+ 29. Rxf2 Rxf2 0-1

[Event "Sherbrooke Perpetuelles 13-26a"]
[Site "Sherbrooke CAN"]
[Date "2005.01.14"]
[Round "1"]
[White "Galindo, Gabriel"]
[Black "Viens, Nicolas"]
[Result "0-1"]
[WhiteElo "1310"]
[BlackElo "1307"]
[PlyCount "68"]
[GameId "2160767911031768"]
[EventDate "2005.01.??"]
[EventType "swiss"]
[EventRounds "5"]
[EventCountry "CAN"]
[SourceTitle "EXT 2006"]
[Source "ChessBase"]
[SourceDate "2005.11.24"]
[SourceVersion "1"]
[SourceVersionDate "2005.11.24"]
[SourceQuality "1"]

1. e4 e5 2. Nf3 d6 3. Bc4 Bg4 4. c3 Be6 5. Qb3 Bxc4 6. Qxc4 Nd7 7. d4 Be7 8. d5 Ngf6 9. Be3 O-O 10. Nbd2 Ng4 11. Qe2 Nxe3 12. Qxe3 Nb6 13. h4 f5 14. exf5 Nxd5 15. Qd3 Nf6 16. g3 Qd7 17. c4 e4 18. Nxe4 Qxf5 19. Nxf6+ Qxf6 20. Qd5+ Kh8 21. Ke2 c6 22. Qd3 Rae8 23. Kd2 Qxb2+ 24. Qc2 Qxc2+ 25. Kxc2 Rxf3 26. Rhf1 Bf6 27. Rab1 Re2+ 28. Kd1 Rxa2 29. Rxb7 h6 30. h5 Rd3+ 31. Kc1 Bg5+ 32. Kb1 Rdd2 33. f4 Bf6 34. g4 Ra1# 0-1

[Event "Sherbrooke Perpetuelles 13-26a"]
[Site "Sherbrooke CAN"]
[Date "2005.01.14"]
[Round "1"]
[White "Grenier, Jean-Pierre"]
[Black "Courteau, Bernard"]
[Result "0-1"]
[WhiteElo "1563"]
[BlackElo "1574"]
[PlyCount "104"]
[GameId "2160767911031769"]
[EventDate "2005.01.??"]
[EventType "swiss"]
[EventRounds "5"]
[EventCountry "CAN"]
[SourceTitle "EXT 2006"]
[Source "ChessBase"]
[SourceDate "2005.11.24"]
[SourceVersion "1"]
[SourceVersionDate "2005.11.24"]
[SourceQuality "1"]

1. c4 c5 2. g3 g6 3. Bg2 Bg7 4. Nc3 Nc6 5. e3 d6 6. Nge2 e5 7. O-O Be6 8. b3 Nge7 9. Bb2 d5 10. cxd5 Nxd5 11. Nxd5 Bxd5 12. e4 Be6 13. Rc1 Qd6 14. Nf4 O-O 15. Ne2 Rfd8 16. Bc3 b5 17. Rc2 c4 18. Qb1 Nb4 19. Bxb4 Qxb4 20. bxc4 Qxb1 21. Rxb1 Bxc4 22. Nc1 a6 23. Bf1 Bxf1 24. Kxf1 Rac8 25. Rxc8 Rxc8 26. Nd3 Rc2 27. Rb2 Rxb2 28. Nxb2 Kf8 29. Ke2 Ke7 30. Nd3 Kd6 31. Kd1 a5 32. a3 f6 33. Kc2 Bf8 34. Kb3 Kc6 35. f3 Bd6 36. h3 Bf8 37. Kb2 Bc5 38. Kb3 Bd4 39. h4 Bc5 40. Kb2 b4 41. a4 Bd4+ 42. Kb3 h5 43. Kc4 Bg1 44. Nc1 Bf2 45. Ne2 g5 46. hxg5 fxg5 47. d4 h4 48. gxh4 gxh4 49. d5+ Kd6 50. f4 h3 51. fxe5+ Kxe5 52. d6 Kxd6 0-1

[Event "Sherbrooke Perpetuelles 13-26a"]
[Site "Sherbrooke CAN"]
[Date "2005.01.14"]
[Round "1"]
[White "Laroche, Abel"]
[Black "Ben Ali, Amine"]
[Result "0-1"]
[WhiteElo "1143"]
[BlackElo "1122"]
[PlyCount "32"]
[GameId "2160767911031770"]
[EventDate "2005.01.??"]
[EventType "swiss"]
[EventRounds "5"]
[EventCountry "CAN"]
[SourceTitle "EXT 2006"]
[Source "ChessBase"]
[SourceDate "2005.11.24"]
[SourceVersion "1"]
[SourceVersionDate "2005.11.24"]
[SourceQuality "1"]

1. e4 e5 2. d4 exd4 3. Qxd4 Nc6 4. Qd1 Nf6 5. Bc4 Bc5 6. Nc3 O-O 7. Be3 Bxe3 8. fxe3 d6 9. Qd3 Nb4 10. Qd2 Qe7 11. Nd5 Nbxd5 12. exd5 Ng4 13. Ke2 Re8 14. Rf1 Nxe3 15. Qd3 Nxf1+ 16. Kf3 Qf6+ 0-1

[Event "Sherbrooke Perpetuelles 13-26a"]
[Site "Sherbrooke CAN"]
[Date "2005.01.14"]
[Round "1"]
[White "Ouellet-Lahaie, Didier"]
[Black "Lopez, Jose"]
[Result "1/2-1/2"]
[WhiteElo "1679"]
[BlackElo "1766"]
[PlyCount "52"]
[GameId "2160767911031771"]
[EventDate "2005.01.??"]
[EventType "swiss"]
[EventRounds "5"]
[EventCountry "CAN"]
[SourceTitle "EXT 2006"]
[Source "ChessBase"]
[SourceDate "2005.11.24"]
[SourceVersion "1"]
[SourceVersionDate "2005.11.24"]
[SourceQuality "1"]

1. e4 c5 2. Nc3 Nc6 3. g3 g6 4. Bg2 Bg7 5. f4 e6 6. Nf3 d6 7. O-O Nge7 8. d3 O-O 9. g4 f5 10. gxf5 exf5 11. Ne2 Qb6 12. Kh1 Bd7 13. c3 Na5 14. Ng3 Rfe8 15. Qc2 Qc7 16. Bd2 Nac6 17. Rae1 Nd8 18. Ng5 h6 19. Nf3 Nf7 20. h4 h5 21. Qb3 Kh7 22. d4 fxe4 23. Nxe4 Nf5 24. Neg5+ Nxg5 25. Nxg5+ Kh8 26. Nf7+ Kh7 1/2-1/2

[Event "Sherbrooke Perpetuelles 13-26a"]
[Site "Sherbrooke CAN"]
[Date "2005.01.14"]
[Round "1"]
[White "Poirier, Vincent"]
[Black "Belzil, Julien"]
[Result "1-0"]
[WhiteElo "1334"]
[BlackElo "1318"]
[PlyCount "53"]
[GameId "2160767911031772"]
[EventDate "2005.01.??"]
[EventType "swiss"]
[EventRounds "5"]
[EventCountry "CAN"]
[SourceTitle "EXT 2006"]
[Source "ChessBase"]
[SourceDate "2005.11.24"]
[SourceVersion "1"]
[SourceVersionDate "2005.11.24"]
[SourceQuality "1"]

1. e4 c5 2. Nf3 Nc6 3. d4 cxd4 4. Nxd4 Qb6 5. Nf3 e5 6. Be2 Nf6 7. Nc3 Bb4 8. Be3 Qa5 9. Bd2 Qd8 10. Bd3 O-O 11. O-O d6 12. a3 Bxc3 13. Bxc3 Bg4 14. Re1 Bh5 15. Bc4 Qe7 16. b4 Rac8 17. Ba2 Nd8 18. Bb2 Ne6 19. Qd3 Nf4 20. Qb3 b5 21. Nh4 Rc4 22. Nf5 Qc7 23. Qg3 Ne8 24. Bxc4 Qxc4 25. Qc3 Qe6 26. Kh1 Qg6 27. Ne7+ 1-0

[Event "Sherbrooke Perpetuelles 13-26a"]
[Site "Sherbrooke CAN"]
[Date "2005.01.14"]
[Round "1"]
[White "Saziouk, Alexandre"]
[Black "Germain, Benoit"]
[Result "0-1"]
[WhiteElo "1733"]
[BlackElo "1751"]
[PlyCount "59"]
[GameId "2160767911031773"]
[EventDate "2005.01.??"]
[EventType "swiss"]
[EventRounds "5"]
[EventCountry "CAN"]
[SourceTitle "EXT 2006"]
[Source "ChessBase"]
[SourceDate "2005.11.24"]
[SourceVersion "1"]
[SourceVersionDate "2005.11.24"]
[SourceQuality "1"]

1. d4 Nf6 2. Nf3 d5 3. Bg5 Ne4 4. Bf4 e6 5. e3 Nd7 6. Nbd2 Nxd2 7. Qxd2 c5 8. c4 Qb6 9. a3 Be7 10. Bd3 dxc4 11. Bxc4 Nf6 12. O-O O-O 13. Rac1 Rd8 14. Qc2 cxd4 15. exd4 Bd7 16. Bg5 Bc6 17. Qe2 Bxf3 18. Qxf3 Qxb2 19. Rb1 Qxd4 20. Rxb7 Bd6 21. Ba2 Qc5 22. g3 Qxg5 23. Rd1 Qg4 24. Qb3 Bc5 25. Rxd8+ Rxd8 26. Bb1 Qd4 27. Kg2 Qxf2+ 28. Kh3 Qf1+ 29. Kh4 g5+ 30. Kxg5 0-1

[Event "Sherbrooke Perpetuelles 13-26a"]
[Site "Sherbrooke CAN"]
[Date "2005.01.21"]
[Round "2"]
[White "Courteau, Bernard"]
[Black "Poirier, Vincent"]
[Result "1-0"]
[WhiteElo "1574"]
[BlackElo "1334"]
[PlyCount "71"]
[GameId "2160767911031774"]
[EventDate "2005.01.??"]
[EventType "swiss"]
[EventRounds "5"]
[EventCountry "CAN"]
[SourceTitle "EXT 2006"]
[Source "ChessBase"]
[SourceDate "2005.11.24"]
[SourceVersion "1"]
[SourceVersionDate "2005.11.24"]
[SourceQuality "1"]

1. e4 c5 2. Nf3 Nc6 3. d4 cxd4 4. Nxd4 Nf6 5. Nc3 a6 6. Be3 e5 7. Nxc6 bxc6 8. Bc4 Bb4 9. f3 Bxc3+ 10. bxc3 O-O 11. Bc5 Re8 12. Qd6 Qa5 13. Bb4 Qb6 14. Ke2 Qb8 15. Rhb1 Qxd6 16. Bxd6 a5 17. Rb6 Nh5 18. g3 g6 19. Rab1 Ng7 20. Rb8 Rxb8 21. Rxb8 Nh5 22. Ra8 Kg7 23. Rxa5 f6 24. Ra8 f5 25. Ke3 Kf6 26. a4 f4+ 27. Kf2 Kg5 28. h4+ Kf6 29. g4 Ng3 30. a5 g5 31. h5 Nxh5 32. gxh5 Kg7 33. a6 Bxa6 34. Rxa6 Kh6 35. Bf7 Kg7 36. Bxe8 1-0